Piosenki FRIENDZ - Statystyki

Ogólne statystyki
  • Ten quiz został rozwiązany 209 razy
  • Średni wynik to 9 z 11
Statystyki odpowiedzi
Hint Odpowiedź % Poprawnych
1. Do Jutra
99%
2. Goat
96%
5. Jak Ta Lala
90%
6. Czerwone 7
89%
7. Marzenia
88%
4. Wszystkie Oczy Na Mnie
88%
8. Zrobiłem To
82%
9. F R N D S
78%
3. FRIEND7
76%
10. Jakby Jutra Miało Nie Być
76%
11. Niebieski Swag
48%
Nie znaleziono quizów pasujących do podanych kryteriów
Rozkład punktacji
Procent ludzi z każdym wynikiem
Percentyl według liczby udzielonych odpowiedzi
Twoja historia wyników
Nie rozwiązałeś tego quizu